| Tag |
First Indicator |
Second Indicator |
Subfields |
| LEADER |
00000cam a2200000 4500 |
| 001 |
in00000053900 |
| 005 |
20151008050910.0 |
| 008 |
790309s1924 nyu 00000 eng |
| 010 |
|
|
|a 24010042
|
| 035 |
|
|
|a (OCoLC)04731178
|
| 035 |
|
|
|9 AAG4139AM
|
| 040 |
|
|
|a DLC
|c CLE
|d TXA
|d UtOrBLW
|
| 049 |
|
|
|a TXAS [mil]
|
| 050 |
|
0 |
|a U105
|b .C6 1924
|
| 092 |
|
|
|a 355
|b C686p
|
| 100 |
1 |
|
|a Colby, Elbridge,
|d 1891-1982.
|
| 245 |
1 |
4 |
|a The profession of arms /
|c by Elbridge Colby.
|
| 264 |
|
1 |
|a New York :
|b D. Appleton,
|c 1924.
|
| 300 |
|
|
|a vii, 183 pages ;
|c 20 cm.
|
| 336 |
|
|
|a text
|b txt
|2 rdacontent
|
| 337 |
|
|
|a unmediated
|b n
|2 rdamedia
|
| 338 |
|
|
|a volume
|b nc
|2 rdacarrier
|
| 500 |
|
|
|a In box.
|
| 610 |
1 |
0 |
|a United States.
|b Army.
|
| 650 |
|
0 |
|a Military art and science.
|
| 999 |
|
|
|a MARS
|
| 999 |
f |
f |
|s caef6aea-5253-3261-8832-3c8f6968c34f
|i 007356ff-a461-3fca-9447-2c8ae5378ae4
|t 0
|
| 952 |
f |
f |
|p noncirc
|a Texas A&M University
|b College Station
|c Cushing Memorial Library & Archives
|d Cushing: Ragan Military (Does not check out)
|t 0
|e U105 .C6 1924
|h Library of Congress classification
|i unmediated -- volume
|
| 998 |
f |
f |
|a U105 .C6 1924
|t 0
|l Cushing: Ragan Military (Does not check out)
|